| 000 | 00624nam a2200205 i 4500 | ||
|---|---|---|---|
| 001 | 42903 | ||
| 003 | ES-MaACL | ||
| 005 | 20240518063024.0 | ||
| 007 | t| | ||
| 008 | 030314s1979 sp ||||1| spa d | ||
| 020 | _a84-300-1093-9 | ||
| 100 | 0 |
_aCelis, Fernando de, _d1949- _937361 |
|
| 245 | 1 | 0 |
_aConcierto / _cFernando de Celis ; [prólogo de Manuel Garrido Chamorro]. |
| 260 |
_aMadrid : _b[s.n.], _c1979. |
||
| 300 |
_a58 p. ; _c22 cm. |
||
| 500 | _aDed. autógr. del aut. | ||
| 700 | 0 |
_aGarrido Chamorro, Manuel, _d1923-1990 _955691 |
|
| 852 |
_aES-MaACL _jL-12854 _bR.114951 |
||
| 999 |
_c42903 _d42903 |
||